Miasta w Polsce na literę W - Statystyki

Ogólne statystyki
  • Ten quiz został rozwiązany 276 razy
    65 od ostatniego zresetowania
  • Średni wynik to 30 z 60
Statystyki odpowiedzi
Liczba mieszkańców Województwo Miasto % Poprawnych
1 864 035 mazowieckie Warszawa
100%
672 545 dolnośląskie Wrocław
100%
98 150 dolnośląskie Wałbrzych
92%
98 659 kujawsko-pomorskie Włocławek
92%
23 117 zachodniopomorskie Wałcz
84%
45 308 pomorskie Wejherowo
84%
19 953 łódzkie Wieluń
81%
28 399 małopolskie Wieliczka
78%
9037 pomorskie Władysławowo
78%
908 świętokrzyskie Wodzisław
78%
44 244 śląskie Wodzisław Śląski
73%
31 668 wielkopolskie Września
73%
16 825 małopolskie Wadowice
70%
35 217 mazowieckie Wołomin
70%
25 743 mazowieckie Wyszków
70%
25 302 wielkopolskie Wągrowiec
68%
11 662 mazowieckie Węgrów
68%
8195 łódzkie Wieruszów
68%
2854 łódzkie Warta
65%
10 431 warmińsko-mazurskie Węgorzewo
62%
10 446 śląskie Wisła
62%
11 857 lubelskie Włodawa
62%
12 657 kujawsko-pomorskie Wąbrzeźno
59%
11 864 mazowieckie Warka
59%
10 328 wielkopolskie Wronki
57%
8938 podlaskie Wysokie Mazowieckie
54%
2391 świętokrzyskie Wąchock
51%
9352 świętokrzyskie Włoszczowa
51%
11 895 dolnośląskie Wołów
51%
11 681 wielkopolskie Wolsztyn
51%
12 758 lubuskie Wschowa
51%
12 894 podlaskie Wasilków
43%
3161 śląskie Wilamowice
43%
8333 śląskie Wojkowice
43%
7946 małopolskie Wolbrom
43%
2952 warmińsko-mazurskie Wielbark
41%
4575 zachodniopomorskie Wolin
41%
5485 wielkopolskie Wieleń
35%
1474 mazowieckie Wiskitki
32%
2223 łódzkie Wolbórz
32%
5053 wielkopolskie Wyrzysk
32%
861 mazowieckie Wyśmierzyce
32%
2330 mazowieckie Wyszogród
32%
2618 dolnośląskie Węgliniec
30%
5559 kujawsko-pomorskie Więcbork
30%
3361 dolnośląskie Wojcieszów
30%
3115 małopolskie Wojnicz
30%
4076 śląskie Woźniki
30%
2468 wielkopolskie Wysoka
30%
1548 dolnośląskie Wleń
27%
446 świętokrzyskie Wiślica
24%
7355 wielkopolskie Witkowo
24%
6339 lubuskie Witnica
24%
5235 opolskie Wołczyn
24%
882 lubelskie Wąwolnica
22%
2574 zachodniopomorskie Węgorzyno
22%
2506 dolnośląskie Wąsosz
19%
1160 śląskie Włodowice
19%
2227 dolnośląskie Wiązów
16%
1639 wielkopolskie Wielichowo
11%
Nie znaleziono quizów pasujących do podanych kryteriów
Rozkład punktacji
Procent ludzi z każdym wynikiem
Percentyl według liczby udzielonych odpowiedzi
Twoja historia wyników
Nie rozwiązałeś tego quizu od ostatniego zresetowania